[Event "4NCL Team Rapidplay"]
[Site "Daventry"]
[Date "2013.10.05"]
[Round "2.1"]
[White "Tavares, Shawn P"]
[Black "Merry, Alan B"]
[Result "1/2-1/2"]
[WhiteElo "2143"]
[BlackElo "2297"]
[PlyCount "135"]
[EventDate "2013.10.05"]
[EventType "team-swiss (rapid)"]
[EventRounds "7"]
[EventCountry "ENG"]
[WhiteTeam "BCM Dragons"]
[BlackTeam "RSJ"]
[WhiteTeamCountry "ENG"]
[BlackTeamCountry "ENG"]

1. d4 Nf6 2. c4 g6 3. Nc3 Bg7 4. e4 d6 5. Nf3 O-O 6. h3 e5 7. d5 a5 8. Bg5 Na6
9. Be2 Qe8 10. g4 h6 11. Be3 Nd7 12. Qd2 Kh7 13. h4 f5 14. gxf5 gxf5 15. exf5
Ndc5 16. Rg1 Bxf5 17. Rxg7+ Kxg7 18. Bxh6+ Kh7 19. Bxf8 Qxf8 20. O-O-O Nb4 21.
Rg1 Nxa2+ 22. Kd1 Nxc3+ 23. Qxc3 Ne4 24. Qe3 Kh8 25. Ng5 Nxg5 26. Rxg5 Qf6 27.
Bd3 Bxd3 28. Qxd3 Qf7 29. Qe2 Rg8 30. Rh5+ Kg7 31. Qg4+ Kf8 32. Qc8+ Kg7 33.
Rg5+ Kh8 34. Rxg8+ Qxg8 35. Qxc7 Qg4+ 36. Ke1 Qe4+ 37. Kd2 Qxh4 38. Qc8+ Kh7
39. Qxb7+ Kg6 40. Qb6 Kf5 41. Qxd6 Qxf2+ 42. Kc3 Qd4+ 43. Kb3 Qd1+ 44. Ka3 Qa1+
45. Kb3 Qd1+ 46. Ka3 a4 47. Qe6+ Ke4 48. Qb6 Qa1+ 49. Kb4 Qxb2+ 50. Ka5 a3 51.
d6 Qd2+ 52. Qb4 Qe3 53. c5+ Kf3 54. Qb7+ e4 55. Qf7+ Ke2 56. Kb6 Qd2 57. d7 a2
58. Qc4+ Ke3 59. Qb3+ Kf2 60. Qxa2 Qxa2 61. d8=Q Qb2+ 62. Ka7 e3 63. c6 e2 64.
Qf8+ Kg2 65. Qg8+ Kf1 66. Qf7+ Kg2 67. Qg6+ Kf1 68. Qg3 1/2-1/2

[Event "4NCL Team Rapidplay"]
[Site "Daventry"]
[Date "2013.10.05"]
[Round "2.2"]
[White "Mayhew, Andrew"]
[Black "Kane, Robert"]
[Result "1-0"]
[WhiteElo "2058"]
[BlackElo "1862"]
[PlyCount "71"]
[EventDate "2013.10.05"]
[EventType "team-swiss (rapid)"]
[EventRounds "7"]
[EventCountry "ENG"]
[WhiteTeam "RSJ"]
[BlackTeam "BCM Dragons"]
[WhiteTeamCountry "ENG"]
[BlackTeamCountry "ENG"]
[TimeControl "900+175"]
[WhiteClock "0:00:35"]
[BlackClock "0:00:57"]

1. d4 Nf6 2. c4 e6 3. Nc3 Bb4 4. a3 Bxc3+ 5. bxc3 b6 6. f3 d5 7. e3 O-O 8. Bd3
Ba6 9. cxd5 Bxd3 10. Qxd3 exd5 11. Ne2 Re8 12. O-O c5 13. Ng3 Nc6 14. Bd2 Qd7
15. Rae1 cxd4 16. cxd4 Rac8 17. Bc3 Qd6 18. a4 Na5 19. Bxa5 bxa5 20. e4 Qb4 21.
e5 Rc3 22. Qb5 Qxb5 23. axb5 Nd7 24. Ra1 Rb8 25. Rxa5 Nf8 26. Rxa7 Rxb5 27. Nf5
g6 28. Nh6+ Kg7 29. Nxf7 Rb4 30. Re1 Rxd4 31. e6 Nxe6 32. Rxe6 Rd1+ 33. Kf2
Rc2+ 34. Kg3 Rg1 35. Ne5+ Kh6 36. Ng4+ 1-0

[Event "4NCL Team Rapidplay"]
[Site "Daventry"]
[Date "2013.10.05"]
[Round "2.3"]
[White "Harnett, Robert J"]
[Black "Snape, Ian L"]
[Result "0-1"]
[WhiteElo "1972"]
[BlackElo "2218"]
[PlyCount "94"]
[EventDate "2013.10.05"]
[EventType "team-swiss (rapid)"]
[EventRounds "7"]
[EventCountry "ENG"]
[WhiteTeam "BCM Dragons"]
[BlackTeam "RSJ"]
[WhiteTeamCountry "ENG"]
[BlackTeamCountry "ENG"]
[TimeControl "900+135"]
[WhiteClock "0:00:24"]
[BlackClock "0:07:03"]

1. e4 c5 2. Nf3 d6 3. d4 Nf6 4. Nc3 cxd4 5. Qxd4 Nc6 6. Bb5 Bd7 7. Bxc6 Bxc6 8.
O-O e5 9. Qd3 Be7 10. h3 O-O 11. Bg5 Qb6 12. b3 Rfe8 13. Bxf6 Bxf6 14. Nd5 Bxd5
15. Qxd5 Rec8 16. c4 a5 17. Rfd1 a4 18. Qd3 Qc7 19. Rab1 axb3 20. axb3 Be7 21.
Nh2 Rd8 22. Ng4 Bg5 23. Ra1 Rxa1 24. Rxa1 h5 25. Ne3 Bxe3 26. Qxe3 g6 27. g4
hxg4 28. hxg4 Kg7 29. Kg2 Rh8 30. Rh1 Rxh1 31. Kxh1 Qd7 32. Qf3 Qe7 33. Kg2 Qg5
34. Kg3 Qc1 35. Kg2 Qf4 36. Qxf4 exf4 37. Kf3 g5 38. e5 dxe5 39. Ke4 Kf6 40. c5
Ke6 41. b4 f6 42. b5 Ke7 43. Kf5 Kd7 44. Ke4 Ke6 45. f3 Ke7 46. Kd3 Kd7 47. Kc4
Ke8 0-1

[Event "4NCL Team Rapidplay"]
[Site "Daventry"]
[Date "2013.10.05"]
[Round "2.4"]
[White "Talsma, Paul"]
[Black "Mallon, Gunnar"]
[Result "1-0"]
[WhiteElo "2192"]
[BlackElo "1702"]
[PlyCount "81"]
[EventDate "2013.10.05"]
[EventType "team-swiss (rapid)"]
[EventRounds "7"]
[EventCountry "ENG"]
[WhiteTeam "RSJ"]
[BlackTeam "BCM Dragons"]
[WhiteTeamCountry "ENG"]
[BlackTeamCountry "ENG"]

1. d4 d5 2. c4 e6 3. Nc3 f5 4. g3 Nf6 5. Bg2 c6 6. Nh3 Bd6 7. O-O O-O 8. Bf4
Qe7 9. Bxd6 Qxd6 10. c5 Qe7 11. b4 Nbd7 12. f4 b6 13. Qa4 b5 14. Qb3 Ne4 15.
Nxe4 fxe4 16. a4 Ba6 17. a5 Nf6 18. Nf2 Kh8 19. g4 Bc8 20. Qg3 a6 21. Ra3 Ra7
22. Qh4 Ng8 23. g5 Nh6 24. Rh3 e5 25. gxh6 Bxh3 26. Qxh3 exf4 27. Ng4 Qe6 28.
Qh4 g6 29. Bh3 Qe7 30. Qxe7 Rxe7 31. Ne5 Rf6 32. e3 f3 33. Kf2 g5 34. Rg1 Rxh6
35. Rg3 Rg7 36. Kg1 Rf6 37. Bd7 h5 38. Bxc6 h4 39. Rg4 h3 40. Bxd5 Rf4 41. exf4
1-0

[Event "4NCL Team Rapidplay"]
[Site "Daventry"]
[Date "2013.10.05"]
[Round "2.5"]
[White "Pritchett, Craig W"]
[Black "Pitcher, John"]
[Result "1/2-1/2"]
[WhiteElo "2359"]
[BlackElo "2246"]
[PlyCount "98"]
[EventDate "2013.10.05"]
[EventType "team-swiss (rapid)"]
[EventRounds "7"]
[EventCountry "ENG"]
[WhiteTeam "Barbican II"]
[BlackTeam "Warwickshire Select"]
[WhiteTeamCountry "ENG"]
[BlackTeamCountry "ENG"]
[TimeControl "900+105"]
[WhiteClock "0:02:04"]
[BlackClock "0:01:30"]

1. Nf3 d5 2. c4 c6 3. e3 Nf6 4. d4 a6 5. Nbd2 Bg4 6. Qb3 Qc7 7. Ne5 Bh5 8. Bd3
e6 9. O-O Nbd7 10. Nxd7 Qxd7 11. cxd5 exd5 12. e4 dxe4 13. Nxe4 Nxe4 14. Bxe4
Be7 15. d5 cxd5 16. Bxd5 Rd8 17. Bxb7 Be2 18. Re1 O-O 19. Bf4 Bb5 20. Bf3 Bf6
21. Rad1 Qf5 22. Rxd8 Rxd8 23. Bg3 h5 24. a4 Bd3 25. h3 Bc2 26. Qb6 a5 27. Kh2
h4 28. Bc7 Rd4 29. Qxa5 Qd7 30. Be5 Rxa4 31. Qc3 Bxe5+ 32. Qxe5 Rb4 33. Bg4 Qb5
34. Qe8+ Qxe8 35. Rxe8+ Kh7 36. Re2 Bd1 37. Bf5+ g6 38. Rd2 gxf5 39. Rxd1 Rxb2
40. f3 Kg6 41. Rd4 Kg5 42. f4+ Kg6 43. Rd6+ f6 44. Rd8 Rb4 45. Rg8+ Kf7 46. Rh8
Rxf4 47. Kg1 Kg7 48. Ra8 Kg6 49. Rg8+ Kf7 1/2-1/2

[Event "4NCL Team Rapidplay"]
[Site "Daventry"]
[Date "2013.10.05"]
[Round "2.6"]
[White "Thomas, Nicholas"]
[Black "Sands, David"]
[Result "1/2-1/2"]
[WhiteElo "2295"]
[BlackElo "2243"]
[PlyCount "81"]
[EventDate "2013.10.05"]
[EventType "team-swiss (rapid)"]
[EventRounds "7"]
[EventCountry "ENG"]
[WhiteTeam "Warwickshire Select"]
[BlackTeam "Barbican II"]
[WhiteTeamCountry "ENG"]
[BlackTeamCountry "ENG"]

1. e4 c5 2. Nc3 Nc6 3. g3 g6 4. Bg2 Bg7 5. d3 d6 6. f4 e6 7. Nf3 Nge7 8. O-O
O-O 9. Be3 b6 10. Bf2 Ba6 11. Re1 Rc8 12. Qd2 Qc7 13. a4 Rfd8 14. Nb5 Qb8 15.
c3 Na5 16. Qc2 Bb7 17. c4 a6 18. Nc3 Nac6 19. Rad1 Qc7 20. b3 Nd4 21. Nxd4 cxd4
22. Ne2 e5 23. Qd2 Qd7 24. f5 gxf5 25. Bh3 Qc6 26. Qg5 fxe4 27. Nxd4 exd4 28.
Bxd4 Ng6 29. Bxg7 Kxg7 30. Bxc8 Rxc8 31. dxe4 Qc5+ 32. Qxc5 dxc5 33. Rd6 Ne5
34. Red1 Bc6 35. Rd8 Rc7 36. Rb8 Bb7 37. Rd6 Nd7 38. Rd8 Nf8 39. Rxb6 Ne6 40.
Rb8 Bxe4 41. Rxa6 1/2-1/2

[Event "4NCL Team Rapidplay"]
[Site "Daventry"]
[Date "2013.10.05"]
[Round "2.7"]
[White "Hodgson, John H"]
[Black "Mason, Donald J"]
[Result "0-1"]
[WhiteElo "2150"]
[BlackElo "2204"]
[PlyCount "78"]
[EventDate "2013.10.05"]
[EventType "team-swiss (rapid)"]
[EventRounds "7"]
[EventCountry "ENG"]
[WhiteTeam "Barbican II"]
[BlackTeam "Warwickshire Select"]
[WhiteTeamCountry "ENG"]
[BlackTeamCountry "ENG"]

1. e4 e6 2. d4 d5 3. Nd2 Nf6 4. e5 Nfd7 5. c3 c5 6. Bd3 Nc6 7. Ne2 cxd4 8. cxd4
f6 9. exf6 Nxf6 10. O-O Bd6 11. Nf3 Qc7 12. Bg5 O-O 13. Rc1 Bd7 14. Ng3 h6 15.
Bd2 Qb6 16. Bc3 Bf4 17. Rc2 Nb4 18. Bxb4 Qxb4 19. Ne5 Bxe5 20. dxe5 Ng4 21. Be4
Rf4 22. Bxd5 Rd4 23. Rc4 Rxd1 24. Rxb4 Rxf1+ 25. Kxf1 exd5 26. Rxb7 Bc6 27. Rc7
Bb5+ 28. Ke1 Nxe5 29. Nf5 Nf7 30. Rxf7 Kxf7 31. Nd6+ Ke7 32. Nxb5 Rb8 33. Nxa7
Rxb2 34. a4 Ra2 35. a5 Kd7 36. Nb5 Rxa5 37. Nc3 d4 38. Ne4 Ra2 39. Nd2 d3 0-1

[Event "4NCL Team Rapidplay"]
[Site "Daventry"]
[Date "2013.10.05"]
[Round "2.8"]
[White "Baruch, Andrew"]
[Black "Bhatia, Kanwal K"]
[Result "0-1"]
[WhiteElo "2078"]
[BlackElo "2039"]
[PlyCount "49"]
[EventDate "2013.10.05"]
[EventType "team-swiss (rapid)"]
[EventRounds "7"]
[EventCountry "ENG"]
[WhiteTeam "Warwickshire Select"]
[BlackTeam "Barbican II"]
[WhiteTeamCountry "ENG"]
[BlackTeamCountry "ENG"]

1. g3 e5 2. Nf3 Nc6 3. d4 e4 4. Ne5 d5 5. Nxc6 bxc6 6. c4 Nf6 7. Nc3 Be6 8. Bg5
Be7 9. Qa4 O-O 10. Qxc6 dxc4 11. Bxf6 Bxf6 12. e3 Rb8 13. Rb1 Rb6 14. Qxe4 Qc8
15. Qc2 Bf5 16. e4 Re8 17. Bg2 Bxd4 18. O-O Bh3 19. Rfe1 Rf6 20. Re2 Rh6 21.
Bh1 Bg4 22. Rd2 Be6 23. Rdd1 Rf6 24. Rd2 Rh6 25. Nb5 0-1

[Event "4NCL Team Rapidplay"]
[Site "Daventry"]
[Date "2013.10.05"]
[Round "3.1"]
[White "Merry, Alan B"]
[Black "Jones, Gawain CB"]
[Result "0-1"]
[WhiteElo "2297"]
[BlackElo "2638"]
[PlyCount "86"]
[EventDate "2013.10.05"]
[EventType "team-swiss (rapid)"]
[EventRounds "7"]
[EventCountry "ENG"]
[WhiteTeam "RSJ"]
[BlackTeam "Guildford"]
[WhiteTeamCountry "ENG"]
[BlackTeamCountry "ENG"]

1. e4 e5 2. Nf3 Nc6 3. Nc3 Nf6 4. Bb5 Bb4 5. O-O O-O 6. Bxc6 bxc6 7. Nxe5 Qe8
8. Nd3 Bxc3 9. dxc3 Qxe4 10. Re1 Qg4 11. Qxg4 Nxg4 12. Bf4 d6 13. Re7 Rd8 14.
Rxc7 c5 15. Rc6 Bf5 16. Rxd6 c4 17. Nb4 Rxd6 18. Bxd6 a5 19. Nc6 Bxc2 20. Re1
h6 21. Nd4 Bd3 22. Re7 Nf6 23. f3 a4 24. Be5 a3 25. bxa3 Nd5 26. Rd7 Nxc3 27.
Nc6 Rxa3 28. Nb4 Nxa2 29. Nc6 Ra6 30. Ne7+ Kh7 31. Nd5 Re6 32. Bd4 Nc1 33. Kf2
Bg6 34. Nf4 Rc6 35. h4 Nd3+ 36. Nxd3 cxd3 37. g4 Rc2+ 38. Ke3 Re2+ 39. Kf4 h5
40. Kg5 Re7 41. Rxe7 d2 42. gxh5 Bxh5 43. Kxh5 d1=Q 0-1

[Event "4NCL Team Rapidplay"]
[Site "Daventry"]
[Date "2013.10.05"]
[Round "3.2"]
[White "Smerdon, David"]
[Black "Mayhew, Andrew"]
[Result "1/2-1/2"]
[WhiteElo "2523"]
[BlackElo "2058"]
[PlyCount "61"]
[EventDate "2013.10.05"]
[EventType "team-swiss (rapid)"]
[EventRounds "7"]
[EventCountry "ENG"]
[WhiteTeam "Guildford"]
[BlackTeam "RSJ"]
[WhiteTeamCountry "ENG"]
[BlackTeamCountry "ENG"]
[TimeControl "900+180"]
[WhiteClock "0:01:16"]
[BlackClock "0:01:35"]

1. e4 e5 2. Nf3 Nc6 3. Nc3 Nf6 4. d4 exd4 5. Nxd4 Bb4 6. Nxc6 bxc6 7. Bd3 d5 8.
exd5 cxd5 9. O-O O-O 10. h3 c6 11. Qf3 Be6 12. Ne2 Re8 13. c3 Bd6 14. Bg5 Rb8
15. b3 h6 16. Bxf6 Qxf6 17. Qxf6 gxf6 18. Ng3 Be5 19. Rac1 Bxg3 20. fxg3 Kg7
21. Rf3 c5 22. c4 d4 23. Rcf1 Rb6 24. Re1 a5 25. g4 a4 26. Bf5 Bd7 27. Rxe8
Bxe8 28. Bc2 axb3 29. axb3 Re6 30. Kf2 Bc6 31. Rf5 1/2-1/2

[Event "4NCL Team Rapidplay"]
[Site "Daventry"]
[Date "2013.10.05"]
[Round "3.3"]
[White "Snape, Ian L"]
[Black "Hebden, Mark"]
[Result "0-1"]
[WhiteElo "2218"]
[BlackElo "2548"]
[PlyCount "82"]
[EventDate "2013.10.05"]
[EventType "team-swiss (rapid)"]
[EventRounds "7"]
[EventCountry "ENG"]
[WhiteTeam "RSJ"]
[BlackTeam "Guildford"]
[WhiteTeamCountry "ENG"]
[BlackTeamCountry "ENG"]
[TimeControl "900+85"]
[WhiteClock "0:00:51"]
[BlackClock "0:06:12"]

1. e4 e5 2. Nf3 Nc6 3. d4 exd4 4. Bc4 Nf6 5. O-O d6 6. Nxd4 Be7 7. Nc3 O-O 8.
h3 a6 9. Nxc6 bxc6 10. Be3 Rb8 11. Bb3 Be6 12. f4 a5 13. Qf3 c5 14. e5 Nd7 15.
Bxe6 fxe6 16. Qg4 Rf5 17. Rad1 Rxb2 18. exd6 cxd6 19. Qe2 d5 20. g4 Rf7 21. f5
d4 22. fxe6 Rxf1+ 23. Qxf1 Ne5 24. Bf4 Ng6 25. Bg3 Qf8 26. Qd3 dxc3 27. Qxc3
Rb6 28. Rf1 Bf6 29. Qc4 Qe7 30. Re1 Nf8 31. Bf2 Nxe6 32. Qd5 Qd6 33. Qa8+ Nf8
34. Qxa5 Bd4 35. Bxd4 Qxd4+ 36. Kg2 Qd5+ 37. Kg1 Rf6 38. Qc3 Ne6 39. Qb3 c4 40.
Qb8+ Rf8 41. Qb6 Nf4 0-1

[Event "4NCL Team Rapidplay"]
[Site "Daventry"]
[Date "2013.10.05"]
[Round "3.4"]
[White "Wall, Gavin"]
[Black "Talsma, Paul"]
[Result "0-1"]
[WhiteElo "2333"]
[BlackElo "2192"]
[PlyCount "106"]
[EventDate "2013.10.05"]
[EventType "team-swiss (rapid)"]
[EventRounds "7"]
[EventCountry "ENG"]
[WhiteTeam "Guildford"]
[BlackTeam "RSJ"]
[WhiteTeamCountry "ENG"]
[BlackTeamCountry "ENG"]

1. e4 e5 2. Nf3 Nc6 3. Bc4 Nf6 4. d3 h6 5. O-O d6 6. c3 g6 7. Re1 Bg7 8. d4
exd4 9. cxd4 O-O 10. Nc3 Bg4 11. Bb3 Re8 12. Qd3 Bxf3 13. gxf3 Nh5 14. Be3 Qf6
15. Nd5 Qxf3 16. Bd1 Qxe4 17. Qxe4 Rxe4 18. Nxc7 Rd8 19. Bxh5 gxh5 20. d5 Nb4
21. Re2 a6 22. a3 Nd3 23. Rd1 Nxb2 24. Rc1 Rc8 25. Rec2 Nd3 26. Rd1 Ne5 27. Rb1
Nc4 28. Rxb7 Nxe3 29. fxe3 Rxe3 30. a4 Bd4 31. Kf1 Kh8 32. Rc4 Re4 33. Rbb4
Rf4+ 34. Ke2 Rf2+ 35. Ke1 Bc5 36. Rb7 Rxh2 37. Rf4 Rg8 38. Rxf7 Rg1+ 39. Rf1
Bf2+ 40. Ke2 Bb6+ 41. Kd3 Rxf1 42. Rxb6 Rf3+ 43. Ke4 Ra3 44. Ne6 Rxa4+ 45. Kf5
Rg4 46. Rb8+ Rg8 47. Rb7 Rf2+ 48. Ke4 a5 49. Ra7 a4 50. Ke3 Rfg2 51. Rxa4 R8g3+
52. Ke4 Rg4+ 53. Nf4 Rxf4+ 0-1

[Event "4NCL Team Rapidplay"]
[Site "Daventry"]
[Date "2013.10.05"]
[Round "3.5"]
[White "Watson, William"]
[Black "Piper, Matthew"]
[Result "1-0"]
[WhiteElo "2498"]
[BlackElo "2362"]
[PlyCount "117"]
[EventDate "2013.10.05"]
[EventType "team-swiss (rapid)"]
[EventRounds "7"]
[EventCountry "ENG"]
[WhiteTeam "SMPS"]
[BlackTeam "Barbican"]
[WhiteTeamCountry "ENG"]
[BlackTeamCountry "ENG"]

1. e4 e5 2. Nc3 Nf6 3. g3 Bc5 4. Bg2 Nc6 5. d3 d6 6. Na4 Bg4 7. f3 Be6 8. Ne2
Qd7 9. Nxc5 dxc5 10. Be3 b6 11. f4 Bh3 12. O-O Bxg2 13. Kxg2 Ng4 14. Bd2 h5 15.
Nc3 O-O-O 16. h3 Nh6 17. fxe5 Nxe5 18. a4 a5 19. Nd5 f6 20. Bf4 Nhf7 21. c3 g5
22. Bxe5 Nxe5 23. Rxf6 h4 24. g4 Rhf8 25. Rf5 Rxf5 26. gxf5 Qd6 27. Qd2 Kb7 28.
Rd1 c6 29. Ne3 Nxd3 30. Nf1 Qe5 31. Kf3 c4 32. Qe3 Rf8 33. Rd2 Nc5 34. Rd4 Ne6
35. Rd7+ Ka6 36. Qe2 Qc5 37. Ne3 b5 38. axb5+ cxb5 39. Qd2 Nc7 40. Qd4 Qxd4 41.
cxd4 Kb6 42. e5 a4 43. Ke4 a3 44. bxa3 Ra8 45. Nc2 g4 46. hxg4 Rh8 47. Rd6+ Kb7
48. Ne1 h3 49. Nf3 h2 50. Nxh2 Rxh2 51. f6 c3 52. d5 c2 53. Rc6 Nxd5 54. Rxc2
Rxc2 55. Kxd5 Kc7 56. e6 Kd8 57. g5 Rg2 58. Kd6 Rxg5 59. f7 1-0

[Event "4NCL Team Rapidplay"]
[Site "Daventry"]
[Date "2013.10.05"]
[Round "3.6"]
[White "Cox, John"]
[Black "Josse, Mark"]
[Result "0-1"]
[WhiteElo "2387"]
[BlackElo "2173"]
[PlyCount "66"]
[EventDate "2013.10.05"]
[EventType "team-swiss (rapid)"]
[EventRounds "7"]
[EventCountry "ENG"]
[WhiteTeam "Barbican"]
[BlackTeam "SMPS"]
[WhiteTeamCountry "ENG"]
[BlackTeamCountry "ENG"]
[TimeControl "900+230"]
[WhiteClock "0:00:31"]
[BlackClock "0:00:45"]

1. d4 d5 2. c4 dxc4 3. e3 e5 4. Bxc4 exd4 5. exd4 Bd6 6. Nf3 Nf6 7. O-O O-O 8.
h3 h6 9. Nc3 Nc6 10. Qc2 Ne7 11. Ne5 c6 12. Qb3 Ned5 13. Re1 Bc7 14. Bd2 Rb8
15. Rac1 Be6 16. Nxd5 Bxd5 17. Bf4 Bxc4 18. Qxc4 Nd5 19. Bg3 Re8 20. Qd3 Rc8
21. a3 Nf6 22. Qb3 Bb6 23. Qxf7+ Kh8 24. Qxb7 Qxd4 25. Nf7+ Kh7 26. Nd6 Rxe1+
27. Rxe1 Rd8 28. Nf5 Qd7 29. Qxd7 Rxd7 30. Rc1 Rd2 31. Nd6 Nh5 32. Nc4 Nxg3 33.
Re1 Bxf2+ 0-1

[Event "4NCL Team Rapidplay"]
[Site "Daventry"]
[Date "2013.10.05"]
[Round "3.7"]
[White "Holmes, Richard"]
[Black "Rogers, Jonathan"]
[Result "0-1"]
[WhiteElo "2270"]
[BlackElo "2307"]
[PlyCount "110"]
[EventDate "2013.10.05"]
[EventType "team-swiss (rapid)"]
[EventRounds "7"]
[EventCountry "ENG"]
[WhiteTeam "SMPS"]
[BlackTeam "Barbican"]
[WhiteTeamCountry "ENG"]
[BlackTeamCountry "ENG"]
[TimeControl "900+185"]
[WhiteClock "0:00:25"]
[BlackClock "0:02:24"]

1. d4 Nf6 2. Nf3 e6 3. e3 d5 4. Bd3 Nbd7 5. O-O b6 6. b3 Bb7 7. Bb2 Be7 8. Ne5
Nxe5 9. dxe5 Nd7 10. Qh5 g6 11. Qh6 Bf8 12. Qf4 Bg7 13. Nd2 O-O 14. Nf3 c5 15.
c4 dxc4 16. Bxc4 Bxf3 17. Qxf3 Nxe5 18. Bxe5 Bxe5 19. Rfd1 Qc7 20. Rac1 Bxh2+
21. Kf1 Be5 22. Ke2 Bg7 23. g4 Rad8 24. g5 Qe5 25. Qg4 Qb2+ 26. Kf3 Qe5 27. Kg2
Qf5 28. Qh4 h5 29. gxh6 Bf6 30. Qg3 Qe4+ 31. Kg1 Kh7 32. Rxd8 Rxd8 33. Qc7 Rf8
34. Bf1 Kxh6 35. Rc4 Qe5 36. Qxa7 Kg7 37. Bg2 Rh8 38. Rc1 Bg5 39. Re1 Qc3 40.
Kf1 Rh2 41. Qb7 Qd3+ 42. Kg1 Rh8 43. Bf3 Qd2 44. Rd1 Qxa2 45. Rd7 Rf8 46. Qxb6
Qc2 47. Qxe6 Bh4 48. Qe5+ Kg8 49. Qh2 Qf5 50. Rc7 Bd8 51. Be4 Qg4+ 52. Bg2 Bxc7
53. Qxc7 Ra8 54. Qxc5 Ra1+ 55. Kh2 Qh4+ 0-1

[Event "4NCL Team Rapidplay"]
[Site "Daventry"]
[Date "2013.10.05"]
[Round "3.8"]
[White "Sanders, Isaac"]
[Black "Benjamin, Martin"]
[Result "1/2-1/2"]
[WhiteElo "2269"]
[BlackElo "2040"]
[PlyCount "101"]
[EventDate "2013.10.05"]
[EventType "team-swiss (rapid)"]
[EventRounds "7"]
[EventCountry "ENG"]
[WhiteTeam "Barbican"]
[BlackTeam "SMPS"]
[WhiteTeamCountry "ENG"]
[BlackTeamCountry "ENG"]
[TimeControl "900+155"]
[WhiteClock "0:00:30"]
[BlackClock "0:00:53"]

1. e4 e5 2. Nf3 Nf6 3. Nc3 Nc6 4. d4 exd4 5. Nxd4 Bc5 6. Nxc6 bxc6 7. Bd3 d5 8.
exd5 cxd5 9. O-O O-O 10. Bg5 c6 11. Qf3 Bd6 12. h3 h6 13. Bh4 Rb8 14. Rab1 Be6
15. Ne2 Be5 16. b3 Qc7 17. Rbe1 Nd7 18. Ng3 Bf6 19. Bxf6 Nxf6 20. Nf5 Bxf5 21.
Qxf5 Rfe8 22. c4 Qa5 23. Rxe8+ Rxe8 24. cxd5 cxd5 25. Bb1 Qd2 26. Qd3 Qa5 27.
g3 Re1 28. Kg2 Rxf1 29. Kxf1 g6 30. Qe3 Kg7 31. Qd4 Qa3 32. Kg2 Qc1 33. Bd3 Qd2
34. a4 a5 35. Qe3 Qxe3 36. fxe3 Ne4 37. Bxe4 dxe4 38. Kf2 Kf6 39. Ke2 Ke5 40.
Kd2 Kd5 41. Kc3 Kc5 42. h4 f5 43. Kc2 g5 44. hxg5 hxg5 45. Kc3 Kd5 46. Kd2 Kc6
47. Kc2 Kd6 48. Kd1 Kc6 49. Kc2 Kd6 50. Kb2 Kc6 51. Kc2 1/2-1/2

[Event "4NCL Team Rapidplay"]
[Site "Daventry"]
[Date "2013.10.05"]
[Round "3.1"]
[White "Pein, Malcolm"]
[Black "Pritchett, Craig W"]
[Result "0-1"]
[WhiteElo "2371"]
[BlackElo "2359"]
[PlyCount "94"]
[EventDate "2013.10.05"]
[EventType "team-swiss (rapid)"]
[EventRounds "7"]
[EventCountry "ENG"]
[WhiteTeam "CSC"]
[BlackTeam "Barbican II"]
[WhiteTeamCountry "ENG"]
[BlackTeamCountry "ENG"]

1. Nf3 Nf6 2. c4 c5 3. Nc3 e6 4. g3 b6 5. Bg2 Bb7 6. O-O d6 7. d4 cxd4 8. Qxd4
a6 9. Bg5 Nbd7 10. Rfd1 Qc7 11. Rac1 Be7 12. b3 O-O 13. h3 Rfe8 14. Ne1 Bxg2
15. Nxg2 Rac8 16. Qd2 Rcd8 17. Ne1 Nc5 18. Qc2 h6 19. Bf4 Bf8 20. Ng2 Ncd7 21.
g4 Ne5 22. Bg3 Ng6 23. Ne3 Qc6 24. Rd2 Rc8 25. a4 Red8 26. f3 Qc5 27. Bf2 Nf4
28. Kh2 Qe5 29. Ng2 Nxe2+ 30. f4 Qxc3 31. Rxe2 Qxc2 32. Rcxc2 Nd7 33. Bh4 Re8
34. b4 a5 35. bxa5 bxa5 36. Be1 Rc5 37. Ne3 Nb6 38. Rb2 Nxc4 39. Rb5 Rxb5 40.
Nxc4 Rc5 41. Nxa5 Ra8 42. Nb3 Rc4 43. a5 d5 44. Ra2 Ra6 45. Bf2 Bd6 46. Bb6 Rb4
47. Nc1 Bxf4+ 0-1

[Event "4NCL Team Rapidplay"]
[Site "Daventry"]
[Date "2013.10.05"]
[Round "3.2"]
[White "Sands, David"]
[Black "Lunn, Matthew"]
[Result "1/2-1/2"]
[WhiteElo "2243"]
[BlackElo "2045"]
[PlyCount "86"]
[EventDate "2013.10.05"]
[EventType "team-swiss (rapid)"]
[EventRounds "7"]
[EventCountry "ENG"]
[WhiteTeam "Barbican II"]
[BlackTeam "CSC"]
[WhiteTeamCountry "ENG"]
[BlackTeamCountry "ENG"]
[TimeControl "900+175"]
[WhiteClock "0:00:55"]
[BlackClock "0:00:38"]

1. d4 Nf6 2. c4 g6 3. Nc3 Bg7 4. e4 d6 5. Be2 O-O 6. Bg5 Nbd7 7. Qd2 c5 8. Nf3
a6 9. O-O cxd4 10. Nxd4 Nc5 11. f3 a5 12. Kh1 Bd7 13. b3 Re8 14. Rab1 Ne6 15.
Be3 Nxd4 16. Bxd4 Bc6 17. Rfd1 Nd7 18. Be3 Nc5 19. Bf1 Qc7 20. Ne2 Rad8 21. Nd4
e6 22. Qf2 Na6 23. Rbc1 Rb8 24. Rd2 Red8 25. Bg5 Rd7 26. Qh4 a4 27. Bf6 Bxf6
28. Qxf6 Qd8 29. Qxd8+ Rdxd8 30. Rcd1 axb3 31. axb3 Nc5 32. b4 Na4 33. Rc2 Be8
34. Kg1 Rbc8 35. Rdc1 Nb6 36. Kf2 Kf8 37. Ke3 Ke7 38. Bd3 Rc7 39. Ra1 Rdc8 40.
Ra7 Nxc4+ 41. Rxc4 Rxc4 42. Bxc4 Rxc4 43. Rxb7+ Kf6 1/2-1/2

[Event "4NCL Team Rapidplay"]
[Site "Daventry"]
[Date "2013.10.05"]
[Round "3.3"]
[White "Chan, Nevil"]
[Black "Hodgson, John H"]
[Result "0-1"]
[WhiteElo "2027"]
[BlackElo "2150"]
[PlyCount "128"]
[EventDate "2013.10.05"]
[EventType "team-swiss (rapid)"]
[EventRounds "7"]
[EventCountry "ENG"]
[WhiteTeam "CSC"]
[BlackTeam "Barbican II"]
[WhiteTeamCountry "ENG"]
[BlackTeamCountry "ENG"]
[TimeControl "900+140"]
[WhiteClock "0:00:16"]
[BlackClock "0:02:36"]

1. d4 Nf6 2. Nc3 d5 3. Bg5 Nbd7 4. Nf3 c6 5. e3 Qa5 6. a3 Ne4 7. b4 Nxc3 8. Qd3
Qc7 9. Qxc3 Nf6 10. Bxf6 exf6 11. Bd3 Bd6 12. h3 O-O 13. O-O Bd7 14. Qd2 b5 15.
c3 a5 16. Bc2 f5 17. Rfd1 Rfe8 18. Ne1 f4 19. exf4 Bxf4 20. Qd3 g6 21. Qf3 Bd6
22. Bd3 Re7 23. Nc2 Rae8 24. Re1 Qd8 25. Rxe7 Rxe7 26. Re1 Rxe1+ 27. Nxe1 axb4
28. axb4 Qg5 29. Kf1 Kg7 30. Qe2 Qf4 31. Qf3 Qc1 32. Bc2 Bf4 33. Qd1 Qxd1 34.
Bxd1 Bd2 35. Bg4 Bxg4 36. hxg4 Bxc3 37. Nc2 Bd2 38. Ke2 Bf4 39. Ne1 Bd6 40. Nd3
Kf6 41. f4 h5 42. gxh5 gxh5 43. Kf3 Kf5 44. g3 f6 45. Ke3 Kg4 46. Kf2 Bc7 47.
Nc5 h4 48. gxh4 Bxf4 49. Ne6 Bg3+ 50. Ke2 Bxh4 51. Nd8 f5 52. Nxc6 Bf6 53. Na7
Bxd4 54. Nxb5 Be5 55. Na7 f4 56. Nc6 f3+ 57. Kf2 Bc7 58. Ne7 Bb6+ 59. Kf1 d4
60. Nd5 Ba7 61. b5 d3 62. Nc3 d2 63. Nd1 Kf4 64. b6 Bxb6 0-1

[Event "4NCL Team Rapidplay"]
[Site "Daventry"]
[Date "2013.10.05"]
[Round "3.4"]
[White "Bhatia, Kanwal K"]
[Black "Staples, Daniel"]
[Result "1-0"]
[WhiteElo "2039"]
[BlackElo "1972"]
[PlyCount "59"]
[EventDate "2013.10.05"]
[EventType "team-swiss (rapid)"]
[EventRounds "7"]
[EventCountry "ENG"]
[WhiteTeam "Barbican II"]
[BlackTeam "CSC"]
[WhiteTeamCountry "ENG"]
[BlackTeamCountry "ENG"]

1. e4 c6 2. d4 d5 3. exd5 cxd5 4. c4 Nf6 5. Nc3 Be6 6. c5 g6 7. Nf3 Bg7 8. Bb5+
Bd7 9. Be2 Nc6 10. O-O e6 11. Bg5 O-O 12. Ne5 h6 13. Bh4 g5 14. Bg3 Ne4 15.
Nxe4 dxe4 16. Qc2 Nxe5 17. Bxe5 Bxe5 18. dxe5 Bc6 19. Rad1 Qa5 20. Rd4 Rac8 21.
b4 Qa4 22. Qd2 b6 23. b5 e3 24. fxe3 Qa3 25. bxc6 bxc5 26. Rd6 Rc7 27. Bd3 Rb8
28. Qf2 Qc3 29. Qf6 c4 30. Rd8+ 1-0